<?xml version="1.0" encoding="UTF-8"?>
<record
    xmlns:xsi="http://www.w3.org/2001/XMLSchema-instance"
    xsi:schemaLocation="http://www.loc.gov/MARC21/slim http://www.loc.gov/standards/marcxml/schema/MARC21slim.xsd"
    xmlns="http://www.loc.gov/MARC21/slim">

  <leader>01205nam a22001817a 4500</leader>
  <controlfield tag="008">140818b        xxu||||| |||| 00| 0 eng d</controlfield>
  <datafield tag="020" ind1=" " ind2=" ">
    <subfield code="a">978140552978</subfield>
  </datafield>
  <datafield tag="050" ind1=" " ind2=" ">
    <subfield code="a">KD310.H34(5e vol.27)</subfield>
  </datafield>
  <datafield tag="245" ind1=" " ind2=" ">
    <subfield code="a">Halsbury's laws of England : Criminal Procedure, vol. 27 /</subfield>
    <subfield code="c">edited by Lord Mackay.</subfield>
    <subfield code="b">Criminal Procedure. /</subfield>
  </datafield>
  <datafield tag="250" ind1=" " ind2=" ">
    <subfield code="a">5th ed.</subfield>
  </datafield>
  <datafield tag="260" ind1=" " ind2=" ">
    <subfield code="a">London:</subfield>
    <subfield code="b">Lexis Nexis,</subfield>
    <subfield code="c">2010.</subfield>
  </datafield>
  <datafield tag="300" ind1=" " ind2=" ">
    <subfield code="a">763p.:</subfield>
    <subfield code="c">26cm.</subfield>
  </datafield>
  <datafield tag="440" ind1=" " ind2=" ">
    <subfield code="v">vol. 27</subfield>
    <subfield code="p">Criminal procedure.</subfield>
  </datafield>
  <datafield tag="500" ind1=" " ind2=" ">
    <subfield code="a">Includes index.</subfield>
  </datafield>
  <datafield tag="505" ind1=" " ind2=" ">
    <subfield code="a">Contents: How to use Halbury's laws of England -- References and abbreviations -- Table of statutes -- Table of statutory instruments -- Table of criminal procedure -- Table of civil procedure -- Table of non-statutory material -- Table of cases -- Criminal procedure:volume 27: Table of contents -- Introduction -- Authorities and powers of prosecution -- Decisions as to charge and prosecution -- Decisions as to charge and prosecute -- Bail -- General aspects of criminal procedure -- Proceedings involving defendants under the age of 18 -- Cases tried in magistrates' courts -- Sending or transferring cases to the crown court -- Trial on indictment -- Index.</subfield>
  </datafield>
  <datafield tag="700" ind1=" " ind2=" ">
    <subfield code="a">Mackay, Lord.</subfield>
  </datafield>
  <datafield tag="942" ind1=" " ind2=" ">
    <subfield code="2">lcc</subfield>
    <subfield code="c">BK</subfield>
  </datafield>
  <datafield tag="999" ind1=" " ind2=" ">
    <subfield code="c">3467</subfield>
    <subfield code="d">10967</subfield>
  </datafield>
  <datafield tag="952" ind1=" " ind2=" ">
    <subfield code="0">0</subfield>
    <subfield code="1">0</subfield>
    <subfield code="2">lcc</subfield>
    <subfield code="4">0</subfield>
    <subfield code="7">0</subfield>
    <subfield code="a">WIUC-1</subfield>
    <subfield code="b">WIUC-1</subfield>
    <subfield code="c">LL</subfield>
    <subfield code="d">2014-08-18</subfield>
    <subfield code="l">0</subfield>
    <subfield code="o">KD310.H34(5e vol.27)</subfield>
    <subfield code="p">1102/90/14</subfield>
    <subfield code="r">2014-08-18 00:00:00</subfield>
    <subfield code="t">1</subfield>
    <subfield code="w">2014-08-18</subfield>
    <subfield code="y">BK</subfield>
  </datafield>
</record>
